Statistics for Rocket League Black Market Decals

Click here to take the quiz!

General Stats

  • This quiz has been taken 263 times
  • The average score is 6 of 8

Answer Stats

Answer% Correct
820XX
84%
4Heatwave
84%
5Hexed
73%
7Tora
71%
1Slipstream
70%
6Biomass
65%
2Parallax
63%
3Labyrinth
55%

Score Distribution

Percentile by Number Answered

Percent of People with Each Score

Your Score History

You have not taken this quiz